000
00295nam a22001337a 4500
020
_q
PB.
027
_q
PET
040
_c
FIZZA ISHAQ
100
_a
NEWMAN,PETER.
_9
89069
245
_a
RESILIENT CITIES /
_c
PETER NEWMAN.
260
_a
NEW YORK ;
_c
1988.
300
_a
166 P. ;
942
_2
ddc
_c
BK
999
_c
587909
_d
587909